Longman illustrated dictionary of geology / (Record no. 6691)

MARC details
000 -LEADER
fixed length control field 01116nac a22003011i 4500
003 - CONTROL NUMBER IDENTIFIER
control field EG-ScBUE
005 - DATE AND TIME OF LATEST TRANSACTION
control field 20260316104514.0
008 - FIXED-LENGTH DATA ELEMENTS--GENERAL INFORMATION
fixed length control field 110112s1995 le ab f b 001 0 eng d
020 ## - INTERNATIONAL STANDARD BOOK NUMBER
International Standard Book Number 0582555493
020 ## - INTERNATIONAL STANDARD BOOK NUMBER
International Standard Book Number 9780582555495
040 ## - CATALOGING SOURCE
Original cataloging agency EG-ScBUE
Language of cataloging eng
Description conventions rda
Transcribing agency EG-ScBUE
Modifying agency EG-ScBUE
041 0# - LANGUAGE CODE
Language code of text/sound track or separate title eng
-- ara
082 04 - DEWEY DECIMAL CLASSIFICATION NUMBER
Classification number 550.3
Item number WAT
Edition number 22
100 1# - MAIN ENTRY--PERSONAL NAME
Personal name Watt, Alec,
Relator term author.
9 (RLIN) 21943
245 10 - TITLE STATEMENT
Title Longman illustrated dictionary of geology /
Statement of responsibility, etc Alec Watt
246 35 - VARYING FORM OF TITLE
Title proper/short title قاموس الجيولوجية المصور :
Remainder of title مع مسردين إنكليزي عربي وعربي -إنكليزي
250 ## - EDITION STATEMENT
Edition statement Reprinted edition.
264 #1 - PUBLICATION, DISTRIBUTION, ETC. (IMPRINT)
Place of publication, distribution, etc Beirut :
Name of publisher, distributor, etc Librairie du Liban Publishers,
Date of publication, distribution, etc 1995.
300 ## - PHYSICAL DESCRIPTION
Extent 328 pages :
Other physical details color illustrations, maps ;
Dimensions 19 cm
336 ## - CONTENT TYPE
Source rdacontent
Content type term text
Content type code txt
337 ## - MEDIA TYPE
Media type term unmediated
Source rdamedia
Media type code n
338 ## - CARRIER TYPE
Carrier type term volume
Carrier type code nc
Source rdacarrier
500 ## - GENERAL NOTE
General note The Principles of geology explained and illustrated
504 ## - BIBLIOGRAPHY, ETC. NOTE
Bibliography, etc Includes bibliographical references and index.<br/>
650 #7 - SUBJECT ADDED ENTRY--TOPICAL TERM
Topical term or geographic name as entry element Geology
General subdivision Dictionaries
Source of heading or term BUEsh
9 (RLIN) 21944
655 ## - INDEX TERM--GENRE/FORM
Form subdivision Reading book
942 ## - ADDED ENTRY ELEMENTS (KOHA)
Koha item type Reference (NB)
Source of classification or shelving scheme Dewey Decimal Classification
Holdings
Withdrawn status Lost status Source of classification or shelving scheme Damaged status Not for loan Collection code Home library Current library Shelving location Date acquired Source of acquisition Total Checkouts Full call number Barcode Date last seen Price effective from Koha item type
    Dewey Decimal Classification     Baccah Central Library Central Library Ground Floor 12/01/2011 Purchase   550.3 WAT 000008295 15/07/2025 29/11/2007 Reference (NB)
    Dewey Decimal Classification     Baccah Central Library Central Library Ground Floor 12/01/2011 Purchase   550.3 WAT 000008285 15/07/2025 29/11/2007 Reference (NB)
    Dewey Decimal Classification     Baccah Central Library Central Library Ground Floor 12/01/2011 Purchase 1 550.3 WAT 000008294 15/07/2025 29/11/2007 Reference (NB)